| 000 | 00539nam a2200193 a 4500 | ||
|---|---|---|---|
| 001 | 000044450 | ||
| 003 | DO-SdBNP | ||
| 005 | 20220630102226.0 | ||
| 007 | ta | ||
| 008 | 140701s2014 dr a 000 0 spa d | ||
| 020 | _a9789945498219 | ||
| 040 |
_aDO-SdBNP _bspa _cBNPHU |
||
| 100 | 1 |
_aFrías, Salomé _916020 |
|
| 245 | 1 | 0 |
_aSergio Sarita, por la ruta de mi vida / _cSalomé Frías. |
| 260 |
_aSanto Domingo : _bUniversitaria- UASD, _c2014. |
||
| 300 |
_a310 p. : _bil. ; _c21 cm. |
||
| 590 | _aInventariado, 2022/BT | ||
| 942 |
_2ddc _cLBS1 |
||
| 999 |
_c43939 _d43939 |
||